The Silmarillion: Finrod Felagund - Statistics

General Stats
  • This quiz has been taken 96 times
    57 since last reset
  • The average score is 11 of 15
Answer Stats
Hint Answer % Correct
Who is Finrod's sister? Galadriel
95%
Finrod is king of which realm? Nargothrond
93%
Who did Finrod die defending? Beren
90%
Who is Finrod's father? Finarfin
90%
Who did Finrod give his ring in token of lasting friendship with him, because he saved Finrod's life? Barahir
83%
Who is Finrod's niece? Celebrian / Finduilas
80%
Who did Finrod battle against in song? Sauron
80%
Who did Finrod give his crown to, when he left Nargothrond to help Beren? Orodreth
78%
Who is the leader of the Men who Finrod happened upon in Ossiriand? Beor
73%
Who is Finrod's second brother? Aegnor
68%
Who is Finrod's first brother? Angrod
63%
Who is Finrod's mother? Earwen
63%
What is the name of the tower that Finrod died in? Tol-in-Gaurhoth
61%
Who is Finrod's nephew? Orodreth
56%
What does 'Felagund' mean? Hewer of Caves
44%
No matching quizzes found
Score Distribution
Percent of People with Each Score
Percentile by Number Answered
Your Score History
You have not taken this quiz since the last reset